000 00623nam a2200217Ia 4500
005 20230706134325.0
008 131103s9999 xx 000 0 und d
020 _a198544316
040 _aLoreto College
041 _aEnglish
082 _a550
_bHAL
100 _aHallam,A.
245 _aGreat geological controversies
_cA.Hallam
260 _aNew York
_bOxford University Press
_c1983
300 _avii,182 p.
504 _aFirst published 1983,reprinted 1983,1985, published in United States by O.U.P
650 _aGeology
651 _aGeology,Hydrology,Metrology - History
850 _aLCLIB
942 _cBK
999 _c12487
_d62966